Library Banner

Evidence-based physical therapy for the pelvic floor : (Record no. 137348)

MARC details
000 -LEADER
fixed length control field 00549nam a22001697a 4500
005 - DATE AND TIME OF LATEST TRANSACTION
control field 20250423093809.0
008 - FIXED-LENGTH DATA ELEMENTS--GENERAL INFORMATION
fixed length control field 250423b |||||||| |||| 00| 0 eng d
020 ## - INTERNATIONAL STANDARD BOOK NUMBER
International Standard Book Number 9780702083082
040 ## - CATALOGING SOURCE
Transcribing agency PK-LaUMT
082 ## - DEWEY DECIMAL CLASSIFICATION NUMBER
Classification number 617.55
Item number EVI-
245 ## - TITLE STATEMENT
Title Evidence-based physical therapy for the pelvic floor :
Remainder of title bridging science and clinical practice /
Statement of responsibility, etc edited by Kari Bo, Bary Berghmans, Siv Morkved and Marijke van Kampen
250 ## - EDITION STATEMENT
Edition statement 3rd ed.
260 ## - PUBLICATION, DISTRIBUTION, ETC. (IMPRINT)
Place of publication, distribution, etc India :
Name of publisher, distributor, etc Elsevier,
Date of publication, distribution, etc 2024
300 ## - PHYSICAL DESCRIPTION
Extent 753 p.
650 ## - SUBJECT ADDED ENTRY--TOPICAL TERM
Topical term or geographic name as entry element Pelvic floor
942 ## - ADDED ENTRY ELEMENTS (KOHA)
Koha item type Books
Holdings
Withdrawn status Lost status Damaged status Home library Current library Date acquired Full call number Barcode Date last seen Price effective from Koha item type Copy number
      UMT Health Sciences Campus UMT Health Sciences Campus 2025-04-23 617.55 EVI- 149346 2025-04-23 2025-04-23 Books  
      UMT Health Sciences Campus UMT Health Sciences Campus 2025-04-23 617.55 EVI- 149347 2025-04-23 2025-04-23 Books C.2